|
|
|
|
| LEADER |
00720nta a2200205 i 4500 |
| 001 |
dipl133238 |
| 005 |
20230404084647.0 |
| 008 |
230403s2004 hu om 0|| rus d |
| 040 |
|
|
|a SZTE Diploma Repozitórium
|b hun
|
| 041 |
|
|
|a rus
|
| 100 |
1 |
|
|a Panco Inga
|
| 245 |
1 |
0 |
|a Образ «Дома» в произведениях М. А. Булгакова
|h [elektronikus dokumentum] /
|c Inga Panco
|
| 260 |
|
|
|c 2004
|
| 650 |
|
4 |
|a Bölcsészettudományok
|
| 650 |
|
4 |
|a Humanities
|
| 650 |
|
4 |
|a Languages and Literature
|
| 650 |
|
4 |
|a General literature studies
|
| 650 |
|
4 |
|a History of literature
|
| 700 |
1 |
|
|a Szőke Katalin
|e ths
|
| 856 |
4 |
0 |
|u https://diploma.bibl.u-szeged.hu/id/eprint/133238/1/2004_panco_inga.pdf
|z Dokumentum-elérés
|